James Rollins Sigma Force - Statistics

General Stats
  • This quiz has been taken 43 times
  • The average score is 14 of 15
Answer Stats
# Book Title % Correct
1 Sandstorm
100%
5 The Last Oracle
100%
3 Black Order
94%
2 Map of Bones
94%
9 The Eye of God
94%
4 The Judas Strain
94%
12 The Seventh Plague
94%
8 Bloodline
88%
14 Crucible
88%
10 The 6th Extinction
88%
11 The Bone Labyrinth
88%
7 The Devil Colony
88%
6 The Doomsday Key
88%
13 The Demon Crown
81%
15 The Last Odyssey
81%
No matching quizzes found
Score Distribution
Percent of People with Each Score
Percentile by Number Answered
Your Score History
You have not taken this quiz